[Event "Titled Tuesday intern op 20th Dec Early"]
[Site "Chess.com INT"]
[Date "2022.12.20"]
[Round "7"]
[White "Averjanov, Alexey"]
[Black "Harper, Ryan"]
[Result "1-0"]
[WhiteElo "2399"]
[BlackElo "2249"]
[PlyCount "73"]
[EventDate "2022.12.20"]
[EventType "swiss (blitz)"]
[EventRounds "11"]
[EventCountry "USA"]
[SourceTitle "EXT 2024"]
[Source "ChessBase"]
[SourceDate "2023.10.10"]
[SourceVersion "1"]
[SourceVersionDate "2023.10.10"]
[SourceQuality "1"]

1. d4 Nf6 2. c4 g6 3. Nc3 Bg7 4. e4 d6 5. Be2 0-0 6. Nf3 e5 7. 0-0 Nc6 8. d5 Ne7 9. Ne1 Nd7 10. Be3 f5 11. f3 Nf6 12. c5 Kh8 13. a4 Neg8 14. Qd2 a5 15. cxd6 cxd6 16. Rc1 h5 17. Kh1 Kh7 18. Nd3 Bh6 19. Rc2 Bxe3 20. Qxe3 f4 21. Qf2 g5 22. Nb5 Ne8 23. Rfc1 Rf7 24. Bf1 g4 25. b3 Rg7 26. Qe1 Nh6 27. b4 axb4 28. Qxb4 Nf7 29. Nc7 Nxc7 30. Rxc7 gxf3 31. gxf3 Qg5 32. Qb6 Ra6 33. Qf2 Bg4 34. fxg4 hxg4 35. Rxb7 Rxa4 36. Rcc7 g3 37. Qg2 1-0

[Event "Titled Tuesday intern op 20th Dec Early"]
[Site "Chess.com INT"]
[Date "2022.12.20"]
[Round "6"]
[White "Harper, Ryan"]
[Black "Manukian, Artak"]
[Result "0-1"]
[WhiteElo "2249"]
[BlackElo "2196"]
[PlyCount "98"]
[EventDate "2022.12.20"]
[EventType "swiss (blitz)"]
[EventRounds "11"]
[EventCountry "USA"]
[SourceTitle "EXT 2024"]
[Source "ChessBase"]
[SourceDate "2023.10.10"]
[SourceVersion "1"]
[SourceVersionDate "2023.10.10"]
[SourceQuality "1"]

1. e3 c5 2. Nf3 d5 3. d4 Nc6 4. c4 e6 5. Nc3 Nf6 6. Be2 a6 7. 0-0 dxc4 8. Bxc4 b5 9. Bd3 cxd4 10. exd4 Be7 11. Bg5 Bb7 12. a3 0-0 13. Bc2 b4 14. axb4 Nxb4 15. Bb1 Rc8 16. Ne5 Nbd5 17. Qd3 g6 18. Qh3 Nxc3 19. bxc3 Ne4 20. Bxe7 Qxe7 21. Bxe4 Bxe4 22. Rxa6 Qb7 23. Rfa1 Qb2 24. R6a3 Bf5 25. Qe3 f6 26. Nf3 Rf7 27. h3 Rfc7 28. g4 Bc2 29. Qxe6+ Kg7 30. Ra7 Bb3 31. Qd6 Rf7 32. g5 fxg5 33. Qe5+ Kg8 34. Ra8 Rcf8 35. Rxf8+ Rxf8 36. Ra7 Qc1+ 37. Kg2 Bf7 38. Nxg5 Qxc3 39. Nxf7 Qc6+ 40. Kh2 Rxf7 41. d5 Rxf2+ 42. Kg3 Qc3+ 43. Kxf2 Qxe5 44. Kf3 Qxd5+ 45. Kf4 Qd4+ 46. Kg5 Qxa7 47. Kh6 Qf7 48. Kg5 Qf5+ 49. Kh4 Qf4# 0-1

[Event "Trinidad & Tobago Masters"]
[Site "Port of Spain"]
[Date "2022.07.05"]
[Round "7"]
[White "Winter Roach, Alex"]
[Black "Harper, Ryan"]
[Result "0-1"]
[WhiteElo "2250"]
[BlackElo "2208"]
[PlyCount "70"]
[EventDate "2022.07.02"]
[EventType "tourn"]
[EventRounds "9"]
[EventCountry "TRI"]
[EventCategory "1"]
[SourceTitle "CBM 209 Extra"]
[Source "ChessBase"]
[SourceDate "2022.09.30"]
[SourceVersion "1"]
[SourceVersionDate "2022.09.30"]
[SourceQuality "1"]

1. e4 c5 2. Nc3 e6 3. g3 Nc6 4. Bg2 g6 5. d3 Bg7 6. f4 d6 7. Nf3 Nge7 8. Be3 Nd4 9. 0-0 0-0 10. Qd2 Rb8 11. Nd1 b5 12. c3 Nxf3+ 13. Bxf3 b4 14. Nf2 Qa5 15. Rfc1 bxc3 16. bxc3 Qa3 17. Nd1 Ba6 18. d4 cxd4 19. cxd4 d5 20. Rc5 Bc4 21. Ra5 Qb4 22. Qxb4 Rxb4 23. e5 a6 24. Bd2 Rbb8 25. Bc3 Rfc8 26. Bb2 Bf8 27. Ra3 Nf5 28. Ra4 Bb5 29. Ra5 Bb4 30. Rxb5 Rxb5 31. g4 Ne7 32. Be2 Rb6 33. Kf2 Rc2 34. Kf3 Nc6 35. Ke3 Bd2+ 0-1

[Event "Online Olym Div3 D"]
[Site "Chess.com INT"]
[Date "2021.08.28"]
[Round "4.3"]
[White "Harper, Ryan"]
[Black "Rodriguez Vila, Andres"]
[Result "1-0"]
[WhiteElo "2184"]
[BlackElo "2484"]
[PlyCount "113"]
[EventDate "2021.08.27"]
[EventType "team-tourn (rapid)"]
[EventRounds "9"]
[EventCountry "USA"]
[SourceTitle "CBM 204 Extra"]
[Source "ChessBase"]
[SourceDate "2021.11.30"]
[SourceVersion "1"]
[SourceVersionDate "2021.11.30"]
[SourceQuality "1"]
[WhiteTeam "Trinidad and Tobago"]
[BlackTeam "Uruguay"]
[WhiteTeamCountry "TRI"]
[BlackTeamCountry "URU"]

1. e4 c5 2. Nf3 a6 3. d4 cxd4 4. Nxd4 Nf6 5. Nc3 e5 6. Nde2 Nc6 7. g3 Bc5 8. Bg2 d6 9. 0-0 Be6 10. h3 Qd7 11. Kh2 h5 12. Bg5 Nh7 13. Bd2 h4 14. g4 g5 15. Nd5 f6 16. Be3 Rd8 17. c3 b5 18. b4 Ba7 19. Bxa7 Nxa7 20. a4 Qb7 21. axb5 axb5 22. Ra5 0-0 23. Qd2 Nc6 24. Ra3 Rf7 25. Rfa1 Nf8 26. Ra6 Nd7 27. Qe3 Kg7 28. Ng1 Bxd5 29. exd5 Ncb8 30. Rxd6 Qc7 31. Re6 Nf8 32. Rb6 e4+ 33. Kh1 Rxd5 34. Bxe4 Re5 35. f3 Nfd7 36. Rxb8 Qxb8 37. Ne2 Nb6 38. Nd4 Nc4 39. Qf2 Nd6 40. Bb1 Qe8 41. Qc2 Re1+ 42. Kg2 f5 43. gxf5 Nxf5 44. Nxf5+ Rxf5 45. Ra7+ Kg8 46. Ra8 Qxa8 47. Qxf5 Re7 48. Be4 Qa2+ 49. Kg1 Qf7 50. Bd5 Kf8 51. Bxf7 Rxf7 52. Qc8+ Kg7 53. Qc6 Re7 54. Kf2 Ra7 55. Qxb5 Ra2+ 56. Ke3 Rh2 57. Qxg5+ 1-0

[Event "Titled Tuesday intern op 01st Sept"]
[Site "Chess.com INT"]
[Date "2020.09.01"]
[Round "5"]
[White "Ahmed, Jaza Jamal"]
[Black "Harper, Ryan"]
[Result "0-1"]
[WhiteElo "2242"]
[BlackElo "2189"]
[PlyCount "110"]
[EventDate "2020.09.01"]
[EventType "swiss (blitz)"]
[EventRounds "10"]
[EventCountry "USA"]
[SourceTitle "CBM 198 Extra"]
[Source "ChessBase"]
[SourceDate "2020.11.30"]
[SourceVersion "1"]
[SourceVersionDate "2020.11.30"]
[SourceQuality "1"]

1. e4 c5 2. Nf3 d6 3. d4 cxd4 4. Nxd4 Nf6 5. Nc3 g6 6. Be3 Bg7 7. Bc4 0-0 8. f3 Nc6 9. Bb3 Bd7 10. Qd2 Ne5 11. 0-0-0 Qa5 12. Kb1 Rfc8 13. h4 b5 14. Nd5 Qxd2 15. Rxd2 Nxd5 16. Bxd5 Nc4 17. Bxc4 bxc4 18. c3 Rab8 19. h5 a5 20. Kc1 a4 21. a3 Rb7 22. g4 Rcb8 23. hxg6 hxg6 24. Bh6 Bxd4 25. cxd4 c3 26. Rf2 Rxb2 27. Rxb2 cxb2+ 28. Kb1 Bb5 29. Kxb2 Be2+ 30. Kc2 Bxf3 31. Re1 Bxg4 32. Bg5 f6 33. Bd2 Be6 34. e5 Bb3+ 35. Kd3 dxe5 36. dxe5 Rd8+ 37. Kc3 Kf7 38. Bf4 g5 39. Bd2 Kg6 40. exf6 exf6 41. Rg1 Be6 42. Be3 Bf5 43. Bd4 Rc8+ 44. Kb4 Be6 45. Bb2 Bb3 46. Ba1 Rc4+ 47. Kb5 Rf4 48. Bc3 g4 49. Bd2 Re4 50. Kc5 f5 51. Bc1 Bc4 52. Bd2 Be2 53. Kd5 Bf3 54. Kc5 f4 55. Bc1 Kf5 0-1

[Event "Titled Tuesday intern op 01st Sept"]
[Site "Chess.com INT"]
[Date "2020.09.01"]
[Round "1"]
[White "Harper, Ryan"]
[Black "Barp, Alberto"]
[Result "1-0"]
[WhiteElo "2189"]
[BlackElo "2375"]
[PlyCount "77"]
[EventDate "2020.09.01"]
[EventType "swiss (blitz)"]
[EventRounds "10"]
[EventCountry "USA"]
[SourceTitle "CBM 198 Extra"]
[Source "ChessBase"]
[SourceDate "2020.11.30"]
[SourceVersion "1"]
[SourceVersionDate "2020.11.30"]
[SourceQuality "1"]

1. e4 c6 2. d4 d5 3. Nc3 dxe4 4. Nxe4 Bf5 5. Ng3 Bg6 6. h4 h6 7. h5 Bh7 8. Nf3 Nd7 9. Bd3 Bxd3 10. Qxd3 e6 11. Bd2 Ngf6 12. 0-0-0 Bd6 13. Kb1 Bc7 14. Rhe1 0-0 15. Ne4 Nxe4 16. Qxe4 Nf6 17. Qe2 Qd5 18. g4 Nxg4 19. Rg1 f5 20. c4 Qd7 21. Ne5 Bxe5 22. dxe5 Qc7 23. f3 Qxe5 24. Qg2 Rad8 25. fxg4 f4 26. Bc3 Qe3 27. Rde1 Qd3+ 28. Qc2 Qxc4 29. Qg6 Rf7 30. g5 hxg5 31. h6 Qd3+ 32. Qxd3 Rxd3 33. Rxg5 f3 34. Rxg7+ Rxg7 35. hxg7 f2 36. Rh1 Rg3 37. Rh8+ Kf7 38. Rf8+ Ke7 39. Rxf2 1-0

[Event "TTO-ch"]
[Site "Port of Spain"]
[Date "2019.09.07"]
[Round "5"]
[White "Soondarsingh, Dev"]
[Black "Harper, Ryan"]
[Result "0-1"]
[WhiteElo "2030"]
[BlackElo "2196"]
[PlyCount "88"]
[EventDate "2019.08.31"]
[EventType "tourn"]
[EventRounds "11"]
[EventCountry "TRI"]
[SourceTitle "EXT 2020"]
[Source "ChessBase"]
[SourceDate "2019.10.17"]
[SourceVersion "1"]
[SourceVersionDate "2019.10.17"]
[SourceQuality "1"]

1. d4 Nf6 2. Nf3 e6 3. g3 Be7 4. c4 d5 5. Bg2 0-0 6. 0-0 dxc4 7. Qc2 b5 8. a4 b4 9. Qxc4 Bb7 10. a5 Nbd7 11. Nbd2 Bd5 12. Qc2 c5 13. e4 Bc6 14. Re1 Rc8 15. Qd1 Bb5 16. b3 cxd4 17. Nxd4 Ba6 18. Bb2 Nc5 19. Nc4 Nxb3 20. Qxb3 Bxc4 21. Qa4 Qc7 22. Rac1 Qb7 23. Qa1 Qa6 24. Nc2 Rfd8 25. Ne3 Bd3 26. Nf1 Rxc1 27. Rxc1 Bxe4 28. Bxe4 Nxe4 29. Bxg7 f6 30. Bh6 Nc3 31. Re1 Ne2+ 32. Kg2 Qb7+ 33. f3 Nd4 34. Nd2 Nc2 35. Qd1 Nxe1+ 36. Qxe1 Qd5 37. Ne4 Rc8 38. Qf2 Rc7 39. g4 b3 40. Qg3 Rc8 41. g5 fxg5 42. Nxg5 Rc2+ 43. Kh3 Qf5+ 44. Kh4 Rc4+ 0-1

[Event "De Verteuil Memorial 26th"]
[Site "Port of Spain"]
[Date "2018.11.15"]
[Round "7"]
[White "Harper, Ryan"]
[Black "Bowles, Andrew"]
[Result "1/2-1/2"]
[WhiteElo "2226"]
[BlackElo "1755"]
[PlyCount "140"]
[EventDate "2018.10.04"]
[EventType "swiss"]
[EventRounds "7"]
[EventCountry "TRI"]
[SourceTitle "CBM 187 Extra"]
[Source "ChessBase"]
[SourceDate "2018.11.04"]
[SourceVersion "1"]
[SourceVersionDate "2018.11.04"]
[SourceQuality "1"]

1. e4 c5 2. Nf3 d6 3. d4 cxd4 4. Nxd4 Nf6 5. Nc3 a6 6. Bg5 e6 7. f4 Be7 8. Qf3 Qc7 9. 0-0-0 Nbd7 10. f5 Ne5 11. Qh3 Nfg4 12. Qh4 Qd8 13. Bxe7 Qxe7 14. Qxe7+ Kxe7 15. Re1 Bd7 16. h3 Nf6 17. g4 h6 18. Bg2 Rac8 19. Re2 b5 20. a3 Bc6 21. Rhe1 Ba8 22. Nf3 Nfd7 23. Nxe5 Nxe5 24. Rd2 Rhd8 25. Ne2 Rc5 26. Nf4 Rdc8 27. Nh5 Nc4 28. Rde2 g6 29. fxg6 fxg6 30. Nf4 Ne5 31. Kb1 Rc4 32. Rf1 Rf8 33. Ref2 Rcc8 34. Nd3 Rxf2 35. Rxf2 Nc4 36. Nf4 Ne5 37. Nd3 Nc4 38. Re2 Rf8 39. b3 Nb6 40. Kb2 Nd7 41. Kc1 Nc5 42. Kd2 Nxd3 43. cxd3 e5 44. Kc3 a5 45. b4 Rc8+ 46. Kb2 axb4 47. axb4 Bc6 48. Rd2 Ke6 49. h4 g5 50. hxg5 hxg5 51. d4 exd4 52. Rxd4 Ke5 53. Rd2 Bxe4 54. Bxe4 Kxe4 55. Rxd6 Rc4 56. Kb3 Rd4 57. Rf6 Rd5 58. Kc3 Rd3+ 59. Kc2 Rg3 60. Rb6 Rxg4 61. Rxb5 Kd4 62. Rc5 Rg3 63. Rc8 Rf3 64. b5 Rf6 65. Rc6 Rf5 66. b6 Rb5 67. Kd2 Kd5 68. Rg6 Kc5 69. Rxg5+ Kxb6 70. Rxb5+ Kxb5 1/2-1/2

[Event "TTO-ch"]
[Site "Port of Spain"]
[Date "2018.10.27"]
[Round "3"]
[White "Harper, Ryan"]
[Black "Ramos Caldera, Cesar"]
[Result "1-0"]
[WhiteElo "2226"]
[BlackElo "1975"]
[PlyCount "47"]
[EventDate "2018.10.14"]
[EventType "tourn"]
[EventRounds "11"]
[EventCountry "TRI"]
[SourceTitle "EXT 2020"]
[Source "ChessBase"]
[SourceDate "2019.10.17"]
[SourceVersion "1"]
[SourceVersionDate "2019.10.17"]
[SourceQuality "1"]

1. e4 d5 2. exd5 Qxd5 3. d4 Nf6 4. Nf3 c6 5. Be2 g6 6. Nc3 Qd6 7. Ne5 Be6 8. a3 Bg7 9. Bf4 Qd8 10. Qd2 Nbd7 11. h4 h5 12. f3 Nb6 13. Ne4 Nfd5 14. Bg3 Bf5 15. Ng5 f6 16. Nef7 Qd7 17. Nxh8 fxg5 18. Be5 Qe6 19. Bxg7 Nc4 20. Qxg5 Nde3 21. Bxc4 Nxc2+ 22. Kf2 Qxc4 23. Nxg6 e6 24. Qe7# 1-0

[Event "Olympiad-43"]
[Site "Batumi"]
[Date "2018.10.03"]
[Round "9.3"]
[White "Harper, Ryan"]
[Black "Ker, Anthony F"]
[Result "0-1"]
[WhiteElo "2226"]
[BlackElo "2315"]
[PlyCount "156"]
[EventDate "2018.09.24"]
[EventType "team-swiss"]
[EventRounds "11"]
[EventCountry "GEO"]
[SourceTitle "CBM 187"]
[Source "ChessBase"]
[SourceDate "2018.12.11"]
[SourceVersion "1"]
[SourceVersionDate "2018.12.11"]
[SourceQuality "1"]
[WhiteTeam "Trinidad and Tobago"]
[BlackTeam "New Zealand"]
[WhiteTeamCountry "TRI"]
[BlackTeamCountry "NZL"]

1. e4 c5 2. Nf3 g6 3. d4 cxd4 4. Nxd4 Nc6 5. Nc3 Bg7 6. Be3 Nf6 7. Bc4 0-0 8. Bb3 a5 9. 0-0 d6 10. f3 Nxd4 11. Bxd4 Bd7 12. a4 Bc6 13. Re1 Nd7 14. Nd5 Nc5 15. Ra3 Rc8 16. Bxg7 Kxg7 17. c3 Kg8 18. Qd4 Re8 19. Bc2 Bxd5 20. exd5 Qc7 21. Bb3 Nd7 22. Ba2 Qc5 23. Rd1 Rc7 24. Rb3 Rec8 25. Rb5 Qxd4+ 26. Rxd4 b6 27. Kf2 Kf8 28. Ke2 Rc5 29. Bb1 Rxb5 30. axb5 Rc5 31. Bd3 Ne5 32. c4 Rc7 33. Kd2 Nd7 34. Rh4 Kg7 35. Re4 Nc5 36. Re1 e5 37. dxe6 fxe6 38. Bf1 g5 39. Bd3 Kf6 40. Bc2 h6 41. Re2 e5 42. Be4 Nb3+ 43. Kc3 Nd4 44. Re1 Nxb5+ 45. Kd3 Nd4 46. g3 Ne6 47. Bd5 Nc5+ 48. Kd2 Na4 49. Rb1 Nc5 50. Rh1 Na6 51. h4 Nb4 52. hxg5+ Kxg5 53. Be6 Nc6 54. f4+ Kg6 55. Bd5 Nd4 56. Kd3 Nb3 57. fxe5 dxe5 58. Ke4 Re7 59. Ke3 Nc5 60. Rb1 a4 61. Be4+ Kg5 62. Rd1 Rd7 63. Bd5 Rd6 64. Rh1 e4 65. Re1 Kg4 66. Rh1 Rf6 67. Kd4 Kxg3 68. Ke5 Rf8 69. Rxh6 Re8+ 70. Kd4 e3 71. Rg6+ Kf4 72. Rf6+ Kg5 73. Rf1 e2 74. Re1 Kg4 75. Kc3 Kg3 76. Kd2 Kf2 77. Bf7 Rd8+ 78. Bd5 Nb3+ 0-1